01212nam a2200265 a 4500001001000000005001700010041000800027044000700035084002000042100003800062245019800100260004300298300002200341500006700363500014800430500006300578500000900641546002500650650005200675650005600727650003400783650004500817700003400862740005000896BRCA_345820190320204307.0 afre afr a747b.F47c17381 aFernández de Avellaneda, Alonso10aNouvelles Aventures de l´Admirable Don Quichotte de la Mancheccomposées par le licencié Alonso Fernández de Avellaneda ; [Et traduites de l´Espagnol en Francois pour la premiere fois]. aParísbCompagnie des Librairesc1738 a2 v.bil.c17 cm. aContenido : v.1. Prólogo. Aprobación. Texto. -- v.2. Texto aPrimera traducción francesa de la continuación de Avellaneda, por traductor anónimo. Piel; lomeras decoradas con dorados Lúdovik Osterc aEstado físico : Encuadernación ligeramente desprendida aQMB8 aTexto en : francés14aNovela españolayÉpoca clásica, 1500-170014aLiteratura españolayÉpoca clásica, 1500-170014aNovela españolaySiglo XVII14aDon Quijote (Personaje ficticio)eNovela1 aClouzier, AntoineeIlustrador0 aEl Ingenioso Hidalgo Don Quijote de la Mancha